[Event "ITA-ch U20 24th"]
[White "Mogranzini, Roberto"]
[Black "Cusumano, Domenico"]
[Site "Bratto"]
[Round "8"]
[Result "1-0"]
[Date "2001.08.29"]
[WhiteElo "2104"]
[BlackElo "1939"]
[PlyCount "165"]
[EventDate "2001.08.22"]
[EventType "swiss"]
[EventRounds "9"]
[EventCountry "ITA"]
[SourceTitle "EXT 2007"]
[Source "ChessBase"]
[SourceDate "2006.11.23"]
[SourceVersion "1"]
[SourceVersionDate "2006.11.23"]
[SourceQuality "1"]

1. e4 e6 2. d4 d5 3. Nd2 Nf6 4. e5 Nfd7 5. Bd3 c5 6. c3 Nc6 7. Ne2 Qb6 8. Nf3 cxd4 9. cxd4 Be7 10. 0-0 0-0 11. a3 Re8 12. b4 a6 13. Nc3 Qc7 14. Bd2 f5 15. exf6 Nxf6 16. Rc1 Qd8 17. Re1 Bd7 18. h3 b5 19. Bf4 Qb6 20. Ne5 Qxd4 21. Bg5 Nxe5 22. Bxh7+ Nxh7 23. Qxd4 Nc6 24. Qg4 Bxg5 25. f4 Bf6 26. Nxd5 Bd4+ 27. Kh1 Nf6 28. Nxf6+ Bxf6 29. Red1 Rad8 30. Rxd7 Rxd7 31. Rxc6 Kf7 32. Rxa6 Rd5 33. Qe2 Bh4 34. Kh2 Bd8 35. Rc6 Re7 36. Qe4 Bc7 37. Rxe6 Bxf4+ 38. Qxf4+ Kxe6 39. Qe3+ Re5 40. Qb6+ Kf5 41. Qc6 R7e6 42. Qd7 Kf6 43. h4 Kg6 44. g3 Rf6 45. Kh3 Rfe6 46. Qd3+ Kf6 47. Qd8+ Kg6 48. Qb8 Rd5 49. Qc8 Rde5 50. Qd7 Re7 51. Qg4+ Kf7 52. h5 R7e6 53. Qf3+ Ke7 54. Qb7+ Kf6 55. g4 Re7 56. Qb6+ R7e6 57. Qd8+ Kf7 58. Kh4 Re7 59. Qb6 R7e6 60. Qa7+ Re7 61. Qf2+ Kg8 62. Qf3 R7e6 63. a4 bxa4 64. Qa8+ Re8 65. Qxa4 Rb8 66. Qb3+ Kh8 67. Qc3 Rbb5 68. Qd4 Red5 69. Qc4 Re5 70. Qf4 Re8 71. Qd4 Reb8 72. h6 R5b7 73. Kh5 Kg8 74. Qc4+ Kh7 75. Qe4+ Kh8 76. Qd4 Kg8 77. g5 gxh6 78. Qd5+ Kh8 79. Qe5+ Kg8 80. Qe6+ Kh8 81. Qf6+ Kg8 82. g6 Rf8 83. Qd4 1-0

[Event "ITA-ch U20 24th"]
[White "Ferro, Mario"]
[Black "Cusumano, Domenico"]
[Site "Bratto"]
[Round "3"]
[Result "1-0"]
[Date "2001.08.24"]
[WhiteElo "2186"]
[BlackElo "1939"]
[PlyCount "97"]
[EventDate "2001.08.22"]
[EventType "swiss"]
[EventRounds "9"]
[EventCountry "ITA"]
[SourceTitle "EXT 2007"]
[Source "ChessBase"]
[SourceDate "2006.11.23"]
[SourceVersion "1"]
[SourceVersionDate "2006.11.23"]
[SourceQuality "1"]

1. c4 e5 2. Nc3 Nf6 3. g3 c6 4. d4 exd4 5. Qxd4 d5 6. Bg2 Be6 7. cxd5 cxd5 8. Nf3 Be7 9. 0-0 0-0 10. Rd1 Nc6 11. Qa4 Qb6 12. Nb5 Ne4 13. Be3 Bc5 14. Nbd4 Na5 15. a3 Nc4 16. b4 Be7 17. Qb3 Nxe3 18. Qxe3 Rac8 19. Rd3 Rc7 20. Rad1 Rd8 21. Nxe6 Qxe3 22. Rxe3 fxe6 23. Nd4 Kf7 24. Bh3 Rc3 25. Bxe6+ Kf6 26. Rdd3 Rxd3 27. exd3 Nc3 28. f4 a5 29. Re5 g6 30. Bg4 axb4 31. Re6+ Kf7 32. axb4 Bxb4 33. Nf3 Re8 34. Ng5+ Kf8 35. Nxh7+ Kf7 36. Ng5+ Kf8 37. Rf6+ Ke7 38. Rf7+ Kd6 39. Rxb7 Bc5+ 40. Kg2 Ra8 41. Rg7 Ra2+ 42. Kh3 Bg1 43. Nf3 Ne2 44. Rxg6+ Kc5 45. Re6 Bxh2 46. Rxe2 Rxe2 47. Nxh2 Re3 48. Bf5 Kd6 49. Ng4 1-0

[Event "ITA-ch U20 24th"]
[White "Cusumano, Domenico"]
[Black "Mazzilli, Piero"]
[Site "Bratto"]
[Round "2"]
[Result "1/2-1/2"]
[Date "2001.08.23"]
[WhiteElo "1939"]
[BlackElo "2206"]
[PlyCount "105"]
[EventDate "2001.08.22"]
[EventType "swiss"]
[EventRounds "9"]
[EventCountry "ITA"]
[SourceTitle "EXT 2007"]
[Source "ChessBase"]
[SourceDate "2006.11.23"]
[SourceVersion "1"]
[SourceVersionDate "2006.11.23"]
[SourceQuality "1"]

1. e4 c5 2. Nf3 d6 3. d4 cxd4 4. Nxd4 Nf6 5. Nc3 a6 6. a4 Nc6 7. Be2 e5 8. Nf3 h6 9. Be3 Be6 10. Qd2 Rc8 11. 0-0 Be7 12. Rfd1 0-0 13. h3 Qc7 14. Nd5 Nxe4 15. Nxc7 Nxd2 16. Nxe5 Nxe5 17. Nxe6 Ndf3+ 18. gxf3 fxe6 19. f4 Ng6 20. c3 Nxf4 21. Bxf4 Rxf4 22. Bg4 Kf7 23. Re1 Rf6 24. Re3 d5 25. Rae1 Rc6 26. Kg2 Bc5 27. R3e2 Ba7 28. h4 g6 29. h5 g5 30. Kg1 Bb8 31. Kg2 Bf4 32. Bf3 Bc7 33. Bg4 Bb8 34. Kg1 e5 35. Rd2 Rf4 36. Bd7 Rd6 37. Bc8 b5 38. Rxe5 Rdf6 39. Rexd5 bxa4 40. Rd7+ Kg8 41. Rd8+ Rf8 42. Rxf8+ Kxf8 43. Rd8+ Ke7 44. Rd7+ Ke8 45. Rd4 Rxd4 46. cxd4 Ba7 47. Bxa6 Bxd4 48. Bb5+ Ke7 49. Bxa4 Bxb2 50. Kg2 Kf6 51. Kg3 Ke5 52. Kg4 Bc3 53. f3 1/2-1/2